[Event "17th Izmir Open 2018"]
[Site "Izmir"]
[Date "2018.09.13"]
[Round "8.1"]
[White "Guseynov, Alihan"]
[Black "Yilmazyerli, Mert"]
[Result "1/2-1/2"]
[WhiteElo "2297"]
[BlackElo "2450"]
[Annotator "TA"]
[PlyCount "30"]
[EventDate "2018.09.09"]
[EventType "swiss"]
[EventCountry "TUR"]
[SourceTitle "playchess.com"]
[Source "ChessBase"]
[SourceQuality "1"]

{[%evp 20,21,-3,-4]} 1. d4 d5 2. c4 c6 3. cxd5 cxd5 4. Nf3 Nc6 5. Nc3 Nf6 6. Bf4 Bf5 7. e3 e6 8. Bd3 Bxd3 9. Qxd3 Bd6 10. Bxd6 Qxd6 11. O-O {LiveBook: 1763 Games} {Predecessor:} O-O $146 12. Rfc1 Rfc8 13. h3 h6 14. Nd2 Nd7 15. Ne2 Ne7 {½-½ (15) Bu,X (2725)-Duda,J (2724) Liaocheng 2018} 1/2-1/2

[Event "17th Izmir Open 2018"]
[Site "Izmir"]
[Date "2018.09.13"]
[Round "8.2"]
[White "Arat, Ufuk Sezen"]
[Black "Mammadov, Ayaz"]
[Result "1/2-1/2"]
[WhiteElo "2385"]
[BlackElo "2411"]
[Annotator "TA"]
[PlyCount "76"]
[EventDate "2018.09.09"]
[EventType "swiss"]
[EventCountry "TUR"]
[SourceTitle "playchess.com"]
[Source "ChessBase"]
[SourceQuality "1"]

{[%evp 11,76,12,5,-1,8,0,6,0,6,-8,0,0,6,6,3,3,19,11,21,25,39,31,28,28,26,28,25,15,14,17,42,34,47,35,70,73,81,87,79,91,95,87,96,84,69,58,58,74,80,8,8,5,2,6,8,0,0,0,0,0,0,0,0,0,0,0,0]} 1. c4 c6 2. b3 d5 3. Nf3 Nf6 4. g3 Bg4 5. Bg2 Nbd7 6. Bb2 e6 7. d3 {A12: English Opening: 1...c6 with b3 by White} (7. O-O h6 8. Nc3 Bd6 9. d3 O-O 10. Rc1 Qe7 11. Qc2 a6 12. Qb1 Rad8 13. cxd5 cxd5 14. e4 dxe4 15. dxe4 Bxf3 16. Bxf3 {½-½ (84) Jumabayev,R (2606)-Bruzon Batista,L (2659) Berlin 2015}) 7... Bd6 8. Nbd2 O-O 9. h3 Bxf3 10. Bxf3 Qe7 11. a3 $146 ({Predecessor:} 11. O-O Ba3 12. Bxa3 Qxa3 13. d4 Rfd8 14. Qc2 Qd6 {½-½ (14) Zueger,B (2426)-Godena,M (2527) Merlimont 2011}) 11... Rfd8 12. O-O e5 13. Qc2 Nf8 14. e3 Ne6 15. Bg2 d4 16. exd4 Nxd4 17. Bxd4 exd4 18. Rfe1 Qc7 19. c5 Bf8 20. b4 $36 {[%mdl 2048] White has good play.} a5 21. Nb3 axb4 22. axb4 Rab8 23. Qc4 Nd7 24. Ra7 Ne5 25. Qc2 Ra8 26. Rxa8 Rxa8 27. Nxd4 Rd8 28. Re4 g6 29. Qe2 Bg7 {[#]} 30. Nf3 (30. Nb3 $1 $16) 30... Nxf3+ $1 $11 {The position is equal.} 31. Bxf3 Bf6 32. h4 Qd7 33. Bg4 Qxd3 34. Qxd3 Rxd3 35. Bc8 Rd4 36. Rxd4 Bxd4 37. Bxb7 Bc3 38. Bxc6 Bxb4 {Precision: White = 71%, Black = 53%.} 1/2-1/2

[Event "17th Izmir Open 2018"]
[Site "Izmir"]
[Date "2018.09.13"]
[Round "8.3"]
[White "Isik, Alparslan"]
[Black "Guncan, Berke"]
[Result "1/2-1/2"]
[WhiteElo "2210"]
[BlackElo "1946"]
[Annotator "TA"]
[PlyCount "37"]
[EventDate "2018.09.09"]
[EventType "swiss"]
[EventCountry "TUR"]
[SourceTitle "playchess.com"]
[Source "ChessBase"]
[SourceQuality "1"]

{[%evp 29,37,0,5,14,12,29,68,-22,-10,-11]} 1. d4 Nf6 2. c4 e6 3. Nf3 b6 4. g3 Bb7 5. Bg2 Be7 6. O-O O-O 7. Re1 d5 8. cxd5 exd5 9. Nc3 Nbd7 10. Bf4 c5 11. Rc1 {E17: Queen's Indian: 4 g3 Bb7 5 Bg2 Be7} Ne4 12. dxc5 Ndxc5 13. Nd4 (13. Nb5 Ne6 14. Be5 Bc5 15. e3 Re8 16. a3 a5 17. h4 h6 18. Nd2 Nxd2 19. Qxd2 Qd7 20. Nd4 {½-½ (64) Jumabayev,R (2612)-Anton Guijarro,D (2666) Riadh 2017}) 13... Bf6 14. Bh3 Bc8 15. Bg2 Bb7 {LiveBook: 20 Games} 16. Nxe4 dxe4 17. Nf5 Bxb2 {[#]} 18. Rb1 $146 (18. Rxc5 $1 $14 {[%mdl 512]} bxc5 19. Qxd8 Rfxd8 20. Rb1) ({Predecessor:} 18. Qxd8 Rfxd8 19. Rxc5 bxc5 20. Rb1 {1-0 (42) Dolinski,P (2378)-Wernikiewicz,Z (2368) ICCF email 2006}) 18... Bc3 {aiming for ...Qf6.} 19. Qxd8 1/2-1/2

[Event "17th Izmir Open 2018"]
[Site "Izmir"]
[Date "2018.09.13"]
[Round "8.4"]
[White "Cilek, Bora"]
[Black "Mohannad, Farhan"]
[Result "0-1"]
[WhiteElo "1955"]
[BlackElo "2201"]
[Annotator "TA"]
[PlyCount "118"]
[EventDate "2018.09.09"]
[EventType "swiss"]
[EventCountry "TUR"]
[SourceTitle "playchess.com"]
[Source "ChessBase"]
[SourceQuality "1"]

{[%evp 15,118,58,63,19,62,20,43,37,25,33,36,32,32,-16,-27,-43,0,0,2,-140,-113,-191,-192,-233,-242,-243,-125,-139,-149,-147,-113,-124,-51,-160,-158,-208,-212,-220,-205,-204,-202,-227,-166,-261,-245,-389,-340,-410,-391,-400,-382,-503,-454,-429,-440,-790,-783,-1089,-646,-570,-174,-198,-185,-195,-189,-174,-179,-179,-188,-191,-178,-217,-182,-872,-863,-933,-939,-1353,-1251,-799,-521,-876,-674,-661,-650,-872,-876,-870,-875,-851,-839,-981,-709,-29992,-29993,-29993,-29994,-29995,-29987,-29987,-29988,-29991,-29992,-29992,-29993]} 1. e4 d5 2. exd5 Qxd5 3. Nc3 Qd6 4. d4 c6 5. Nf3 Nf6 6. h3 {B01: Scandinavian Defence} g6 (6... Nbd7 7. Bd3 g6 8. O-O Bg7 9. Re1 O-O 10. Qe2 e6 11. Bg5 b6 12. Rad1 Bb7 13. Ne5 c5 14. dxc5 Qxe5 15. Qxe5 Nxe5 16. Rxe5 {1-0 (90) Guseinov,G (2645)-Carlsen,M (2832) chess.com INT 2017}) 7. Bd3 Bg7 8. O-O O-O {LiveBook: 10 Games} 9. Ne2 $146 ({Predecessor:} 9. Re1 Re8 10. Bg5 Nbd7 11. Qd2 e6 12. Ne5 Qf8 13. a3 Nd5 14. Nxd5 exd5 {1-0 (32) Guseinov,G (2614)-Tiviakov,S (2662) Nakhchivan 2015}) 9... Qd8 10. c4 Na6 {[%cal Bb8a6,Ba6b4,Bb4c6][%mdl 32]} 11. Bf4 c5 12. d5 e6 13. d6 Nb4 14. Ng3 Nd7 15. Bg5 Qb6 16. Be7 Re8 17. Ng5 {[#]} (17. Rb1 $11 {keeps the balance.}) 17... Nc6 $1 $17 18. Qf3 (18. Nh5 $17 Nxe7 19. Nxg7 Kxg7 20. dxe7) 18... Nde5 $19 19. Qf4 Nxe7 20. dxe7 h6 (20... f6 $19 21. Nxh7 Nxd3 22. Nxf6+ Kf7) 21. Nxf7 $17 Nxf7 22. Bxg6 Rxe7 23. Qh4 Qc7 (23... Rc7 $17 {And now ...e5 would win.} 24. Rad1 e5 25. Bxf7+ Rxf7 26. Rd8+ Kh7) 24. Rad1 (24. Rae1 $1 $15) 24... e5 ({Resist} 24... Bxb2 25. Rfe1 $17) 25. Bxf7+ Rxf7 ({Don't take} 25... Kxf7 26. f4 $17) 26. Rd8+ Rf8 27. Rxf8+ Bxf8 28. Qe4 Qd6 29. Kh1 (29. Re1 $142) 29... Bd7 $19 30. f4 (30. Qxb7 $142 Bc6 31. Qb3) 30... Bc6 31. Qe2 e4 32. Qg4+ Kh8 33. f5 Qf6 34. Nh5 Qg5 35. Qe2 (35. Qxg5 $142 hxg5 36. Rd1) 35... Rd8 36. Rf4 Bd6 37. h4 Qxf4 $2 (37... Qe7 38. f6 Qe6) 38. Nxf4 Bxf4 39. Qg4 Be5 {Threatens to win with ...Rg8.} 40. Qh5 {[#]} Rd6 $1 41. f6 Bxf6 {aiming for ...Bd4.} 42. Qxh6+ Kg8 43. Qf4 Re6 44. Qg3+ $2 (44. Qg4+ Kf7 45. Qh5+ Ke7 46. Qxc5+ Kd7 47. Qe3) 44... Kf8 45. Qg4 Ke7 46. h5 e3 {( -> ...e2)} 47. Qe2 Bg5 48. b3 Be8 49. Kg1 Bh4 50. Kh2 Bf2 51. g3 Bc6 52. Kh3 Rf6 53. Qd3 Rf3 54. h6 Rxg3+ {Black mates.} 55. Kh2 Rg4 {[%cal Rg4h4]} 56. Qh7+ Kd8 {[%cal Rg4h4]} 57. Qh8+ Kc7 {[%cal Rg4h4]} 58. Qg7+ Rxg7 59. hxg7 e2 {Precision: White = 32%, Black = 64%.} 0-1

[Event "17th Izmir Open 2018"]
[Site "Izmir"]
[Date "2018.09.13"]
[Round "8.5"]
[White "Ozkeskin, Nazim Efe"]
[Black "Kirilmaz, Emre"]
[Result "0-1"]
[WhiteElo "1538"]
[BlackElo "2017"]
[Annotator "NA RC"]
[PlyCount "156"]
[EventDate "2018.09.09"]
[EventType "swiss"]
[EventCountry "TUR"]
[SourceTitle "playchess.com"]
[Source "ChessBase"]
[SourceQuality "1"]
[TimeControl "5400+30"]

{[%evp 27,156,0,0,-44,-29,-45,-13,-16,-14,-14,8,-29,-21,-45,-47,-43,-43,-70,-49,-69,-64,-73,-79,-77,-92,-106,-43,-71,-67,-68,-72,-106,-114,-111,-74,-90,-68,-153,-127,-141,-146,-161,-147,-154,-154,-203,-234,-802,-775,-184,-220,-1620,-1811,-4933,-237,-245,-232,-249,-232,-29968,-215,-227,-232,-232,-257,-249,-237,-215,-231,-242,-249,-253,-219,-242,-242,-253,-219,-209,-207,-208,-209,-253,32767,32767,32767,32767,32767,32767,32767,32767,32767,32767,32767,32767,32767,32767,32767,32767,32767,32767,32767,32767,32767,32767,32767,32767,32767,32767,32767,32767,32767,32767,32767,32767,32767,32767,32767,32767,32767,32767,32767,32767,32767,32767,32767,-12851,-29983,-29983,-29984,-29984,-29985]} 1. e4 Nf6 2. e5 Nd5 3. d4 d6 4. c4 Nb6 5. exd6 cxd6 6. Nc3 g6 7. Be3 Bg7 8. Rc1 O-O 9. b3 e5 10. dxe5 dxe5 11. Qxd8 Rxd8 12. c5 N6d7 13. Bc4 Nc6 {B03: Alekhine's Defence: Four Pawns Attack} 14. Nge2 (14. Nf3 h6 15. Nb5 e4 16. Nd2 Nde5 17. Nxe4 Nb4 18. O-O Nxa2 19. Rcd1 Bg4 20. f3 Nxc4 21. bxc4 Bd7 22. Nc7 {1-0 (41) Nguyen,T (2441)-Moussard,J (2573) Karlsruhe 2017}) 14... Na5 $146 ({Predecessor:} 14... b6 15. Bd5 Bb7 16. b4 bxc5 17. bxc5 Nf6 18. Bf3 Rab8 19. Rb1 Ba8 20. O-O Ne7 21. Bxa8 Rxa8 {0-1 (33) Diakonova,E (2321)-Goryachkina,A (2460) Sochi 2016}) 15. Nb5 Nxc4 16. Rxc4 Nf8 17. Nd6 b6 18. Nxc8 Rdxc8 19. cxb6 Rxc4 20. bxc4 axb6 21. Nc3 Rc8 22. Nd5 Rxc4 23. Nxb6 Rc2 24. a4 {[#]} f5 $1 25. O-O f4 26. Rc1 Rb2 27. Bc5 Ne6 28. Nc4 Ra2 29. Bd6 {[#]} e4 $1 30. Ne5 Bxe5 31. Bxe5 Rxa4 32. Ra1 ({Lieber} 32. Rb1 $15) 32... Rxa1+ 33. Bxa1 Kf7 34. Kf1 g5 35. Ke2 Kg6 36. g3 Kf5 37. h3 $2 (37. f3 exf3+ 38. Kxf3) 37... h5 38. Bb2 {[#]} Nc7 (38... e3 $142 $1 {[%mdl 512]} 39. fxe3 fxg3) 39. h4 $2 (39. Bc3 $17) 39... gxh4 40. gxf4 $2 (40. gxh4 f3+ 41. Kf1) 40... h3 $2 (40... Kxf4 41. Bd4 Nd5) 41. Kf1 Kxf4 42. Kg1 Ne6 43. Bc1+ $2 (43. Bc3 $19) 43... Kg4 $2 (43... Kf3 44. Bd2 {[#]} h2+ $1 {[%mdl 512]} 45. Kxh2 Kxf2) 44. Be3 Ng5 45. Bb6 Nf3+ 46. Kh1 Kf4 47. Bc7+ Kf5 48. Bb6 Kg6 49. Ba7 Kf7 50. Bb6 Ke6 51. Ba7 Kd5 52. Bb6 Kc6 53. Ba7 Kb5 54. Bb8 Kb6 55. Ba7+ Kc6 56. Bb8 Kd7 57. Ba7 Ke6 58. Bb6 Kf5 59. Ba7 Kf4 60. Be3+ Kf5 61. Ba7 Kg5 62. Bb6 Kg4 63. Ba7 Ne5 64. Kh2 Kh4 65. Bb6 Ng4+ 66. Kg1 Kg5 67. Bc7 Kf5 68. Bb8 Ke6 69. Kf1 Kd5 70. Bc7 Kc4 71. Bb8 Kd3 72. Ba7 h2 73. Kg2 Ke2 74. Bb6 Nxf2 75. Kxh2 Kf3 76. Ba5 e3 77. Bb4 e2 78. Ba5 Kg4 0-1

[Event "17th Izmir Open 2018"]
[Site "Izmir"]
[Date "2018.09.13"]
[Round "8.6"]
[White "Grigoriev, Armen"]
[Black "Camlar, Arda"]
[Result "0-1"]
[WhiteElo "2067"]
[BlackElo "1675"]
[Annotator "NA RC"]
[PlyCount "100"]
[EventDate "2018.09.09"]
[EventType "swiss"]
[EventCountry "TUR"]
[SourceTitle "playchess.com"]
[Source "ChessBase"]
[SourceQuality "1"]
[TimeControl "5400+30"]

{[%evp 8,82,-22,-12,13,-19,-8,0,-5,-20,0,0,0,-37,0,-34,-33,-25,-23,-43,-41,-49,0,-77,-79,-89,-79,-76,-75,-99,-68,-68,-37,-63,0,-8,-12,-38,-15,-63,-79,-84,-73,-96,-56,-121,-87,-136,-66,-100,-70,-83,-90,-75,-87,-95,-85,-145,-127,-245,-258,-247,-195,-206,-202,-286,-294,-317,-306,-343,-358,-412,-411,-372,-367,-566,-649]} 1. Nf3 d5 2. b4 Nf6 3. Bb2 e6 4. a3 b6 {A00: Irregular Openings} (4... Be7 5. e3 O-O 6. Be2 c5 7. bxc5 Bxc5 8. O-O Nc6 9. d3 Be7 10. Nbd2 {½-½ (10) Stevic,H (2615)-Zelcic,R (2548) Gunja 2014}) 5. e3 Bb7 {LiveBook: 3 Games} 6. Be2 Nbd7 7. O-O Be7 8. d3 O-O 9. Nbd2 c5 10. c3 $146 ({Predecessor:} 10. b5 Qc7 11. c4 Rfd8 {0-1 (47) Zarko,I (1907)-Majeric,Z (2264) Velika Gorica 2013}) 10... Rc8 11. Rb1 Qc7 12. bxc5 Nxc5 13. c4 dxc4 14. Nxc4 b5 15. Be5 (15. Bxf6 $1 $11 Bxf3 16. gxf3 bxc4 17. Bxe7 Qxe7 18. dxc4) 15... Qd7 16. Na5 Ba8 17. Qd2 a6 18. Ra1 Rfd8 19. Bd4 Qd5 20. Rfd1 Rc7 (20... Qd6 $15) 21. h3 h6 22. e4 Qd7 $1 23. Be5 Rcc8 24. Bf1 Nh7 25. Qe3 Nf8 26. Qe1 (26. Bc3 $15) 26... Ng6 27. Bd4 f6 (27... Nh4 $17 28. Be3 Nxf3+ 29. gxf3 Na4) 28. Be3 Bd6 29. Rdc1 f5 30. Bxc5 Bxc5 31. Nb3 Bb6 32. exf5 (32. Rxc8 $142 Rxc8 33. Nbd2) 32... exf5 33. Ne5 (33. Nbd2 $17) 33... Nxe5 34. Qxe5 Qd5 35. Qxd5+ Bxd5 36. Nd2 (36. Rab1 {was necessary.}) 36... Bd4 37. Rxc8 Rxc8 38. Rd1 Rc3 39. Be2 Rxa3 40. Nf3 Bc3 41. g4 (41. Nh4 $142) 41... b4 $19 42. Nd2 Bxd2 43. Rxd2 Ra2 44. Rxa2 Bxa2 45. d4 a5 46. Bb5 Bd5 47. gxf5 b3 48. Ba4 b2 49. Bc2 a4 50. f6 a3 0-1

[Event "17th Izmir Open 2018"]
[Site "Izmir"]
[Date "2018.09.13"]
[Round "8.7"]
[White "Selvi, Kaan"]
[Black "Darban, Morteza"]
[Result "0-1"]
[WhiteElo "1810"]
[BlackElo "2333"]
[Annotator "TA"]
[PlyCount "62"]
[EventDate "2018.09.09"]
[EventType "swiss"]
[EventCountry "TUR"]
[SourceTitle "playchess.com"]
[Source "ChessBase"]
[SourceQuality "1"]

{[%evp 9,62,-9,-24,-32,-21,-58,-62,-87,-89,-95,-102,-100,-93,-81,-87,-110,-87,-97,-88,-195,-195,-260,-233,-307,-311,-308,-309,-582,-605,-683,-685,-672,-663,-651,-675,-637,-570,-565,-504,-504,-498,-470,-402,-404,-361,-369,-365,-490,-483,-459,-420,-624,-623,-647,-639]} 1. d4 d5 2. Nf3 Nf6 3. c3 e6 4. Bg5 h6 5. Bh4 g5 6. Bg3 {D02: 1 d4 d5 2 Nf3 sidelines, including 2...Nf6 3 g3 and 2...Nf6 3 Bf4} Ne4 $1 7. Nbd2 h5 $1 {[%cal Bh6h5,Bh5h4][%mdl 32]} 8. Qc2 {Black is slightly better.} h4 9. Nxe4 dxe4 10. Be5 f6 11. Qxe4 {Black must now prevent Qg6+.} Rh6 12. O-O-O $146 ({Predecessor:} 12. Nxg5 fxe5 13. Qxe5 {0-1 (29) Llorente Zaro,A (2235)-Giaccio,A (2484) Lorca 2004}) 12... fxe5 13. Nxe5 {[#] Threatening Ng4.} Nd7 $1 14. Nxd7 (14. e3 $17 {was worth a try.}) 14... Qxd7 $19 ({Don't do} 14... Bxd7 15. Qxb7 Rb8 16. Qe4 $17) 15. d5 (15. Kb1 $142) 15... Qh7 16. Qc4 exd5 17. Rxd5 Be6 18. Re5 $2 (18. e3) 18... O-O-O 19. Qa4 Bd7 20. Qc2 Qf7 21. e3 Qxa2 22. Bb5 Rd6 23. Qb1 Qxb1+ 24. Kxb1 Bxb5 25. Rxb5 Rd5 26. Rxd5 Rxd5 {KRB-KR} 27. Kc2 Rf5 28. f3 {[#]} h3 $1 29. Rg1 (29. gxh3 Rxf3) 29... Be7 30. gxh3 (30. Kd3 $142) 30... Rxf3 31. Kd3 Rxh3 {Precision: White = 20%, Black = 95%.} 0-1

[Event "17th Izmir Open 2018"]
[Site "Izmir"]
[Date "2018.09.13"]
[Round "8.8"]
[White "Bozkurt, Atilla"]
[Black "Dere, Abdullah Dogukan"]
[Result "0-1"]
[WhiteElo "1755"]
[BlackElo "1938"]
[Annotator "NA RC"]
[PlyCount "86"]
[EventDate "2018.09.09"]
[EventType "swiss"]
[EventCountry "TUR"]
[SourceTitle "playchess.com"]
[Source "ChessBase"]
[SourceQuality "1"]
[TimeControl "5400+30"]

{[%evp 11,86,0,0,-16,0,-16,0,-17,-16,-12,-22,-46,-5,-45,-26,-33,0,-45,-47,-45,-47,-41,14,-38,20,0,22,23,54,0,0,-13,0,-17,-37,-42,0,-16,-15,-10,97,0,33,-3,-18,-6,-20,-265,-283,-361,-364,-425,-418,-394,-433,-432,-316,-352,-295,-364,-390,-408,-422,-418,-283,-312,-319,-341,-346,-520,-500,-1041,-1088,-1076,-1134,-1092,-1243]} 1. e4 c5 2. Nf3 g6 3. g3 Bg7 4. Bg2 Nc6 5. O-O Nf6 6. d3 d5 7. Nbd2 O-O 8. c3 Bg4 9. Qc2 {LiveBook: 3 Games A08: King's Indian Attack} Qc8 $146 ({Predecessor:} 9... Qd7 10. Re1 dxe4 11. dxe4 Rfd8 12. Nc4 Bxf3 13. Bxf3 b5 14. e5 bxc4 15. exf6 Bxf6 16. Bf4 Rac8 {0-1 (41) Petrosian,T (2601)-Wang,H (2709) Riadh 2017}) 10. Re1 Rd8 11. a3 a5 12. h4 Bh3 13. Bh1 h6 14. Nf1 e5 15. Ne3 dxe4 16. dxe4 Be6 ({Black should play} 16... a4 $15) 17. b3 (17. a4 $1 $11) 17... a4 (17... b5 $1 $15) 18. bxa4 Qc7 19. Rb1 Ra7 20. Nd2 Na5 21. c4 Nc6 22. Qb2 Nd4 23. Nd5 Nxd5 24. cxd5 Bd7 25. Qb6 Qb8 (25... Qxb6 $11 26. Rxb6 Bxa4) 26. Nc4 (26. a5 $16) 26... Bxa4 27. Be3 Bc2 28. Rb2 Bd3 29. Qxc5 $2 (29. Na5 $11 {and White is okay.} Qa8 30. Nb3) 29... Rc8 30. Qd6 Bxc4 31. Qb6 Ra6 32. Qxb7 Qxb7 33. Rxb7 Rxa3 34. Reb1 Raa8 35. d6 Rd8 36. Rc7 Ba2 37. Rb6 Ne6 38. Rc2 Nf8 39. f4 Be6 40. fxe5 (40. Bf3 $142) 40... Bxe5 41. Bf4 (41. Bf3 $142) 41... Bd4+ 42. Kh2 Bxb6 43. e5 Ra1 $19 0-1

[Event "17th Izmir Open 2018"]
[Site "Izmir"]
[Date "2018.09.13"]
[Round "8.9"]
[White "Aydin, Akin"]
[Black "Taspinar, Yanki"]
[Result "1/2-1/2"]
[WhiteElo "1726"]
[BlackElo "1961"]
[Annotator "NA RC"]
[PlyCount "62"]
[EventDate "2018.09.09"]
[EventType "swiss"]
[EventCountry "TUR"]
[SourceTitle "playchess.com"]
[Source "ChessBase"]
[SourceQuality "1"]
[TimeControl "5400+30"]

{[%evp 8,62,0,11,6,13,27,20,39,50,43,39,72,46,60,47,79,90,90,43,38,27,25,20,30,21,47,0,0,-9,10,11,102,46,63,28,35,18,42,40,50,21,38,30,32,17,27,24,94,61,149,116,177,80,101,94,136]} 1. Nf3 Nf6 2. g3 g6 3. b3 Bg7 4. Bb2 O-O 5. Bg2 d5 6. c4 c5 7. cxd5 {A05: Réti Opening: 1 Nf3 Nf6} Nxd5 8. Bxg7 Kxg7 9. O-O {LiveBook: 34 Games} Nf6 10. Qc1 $146 ({Predecessor:} 10. d4 cxd4 11. Qxd4 Nc6 12. Qxd8 Rxd8 13. Nc3 Bg4 14. h3 Bxf3 15. Bxf3 {½-½ (28) Popilski,G (2564)-Drozdowski,K (2507) Arlington 2016}) 10... Na6 11. Nc3 Rb8 12. Rd1 Bg4 13. Qb2 Bxf3 14. Bxf3 e5 15. Rac1 Qe7 16. d3 Nc7 17. Ne4 Nxe4 18. Bxe4 f5 19. Bg2 Kg8 (19... b6 $14) 20. Qc3 (20. Qa3 $16) 20... Na6 $1 21. Bd5+ Kg7 22. a3 Rfd8 23. Bg2 Qd6 24. Rd2 b6 25. Qc4 b5 26. Qc2 Rd7 27. Qb2 Kg8 (27... Rb6 $14) 28. Rdc2 Rbd8 ({Better is} 28... Qd4 $14) 29. h4 h6 {[#]} 30. Bh3 (30. b4 $1 $18 {[%mdl 512]}) 30... Rf7 {[#]} 31. b4 $1 f4 $16 1/2-1/2

[Event "17th Izmir Open 2018"]
[Site "Izmir"]
[Date "2018.09.13"]
[Round "8.10"]
[White "Degirmenci, Yagiz"]
[Black "Akbas, Umut Ata"]
[Result "1/2-1/2"]
[WhiteElo "1852"]
[BlackElo "1617"]
[Annotator "NA RC"]
[PlyCount "42"]
[EventDate "2018.09.09"]
[EventType "swiss"]
[EventCountry "TUR"]
[SourceTitle "playchess.com"]
[Source "ChessBase"]
[SourceQuality "1"]
[TimeControl "5400+30"]

{[%evp 8,42,9,6,18,11,18,6,-1,10,-1,24,6,-32,-10,-39,-47,-54,-49,-68,-38,-34,-41,-47,-8,-28,-8,-18,-11,-32,-20,-23,-16,-50,0,-18,277]} 1. Nf3 Nf6 2. g3 e6 3. Bg2 d5 4. d4 Be7 5. O-O O-O 6. c4 dxc4 7. Qa4 a6 8. Qxc4 b5 9. Qc2 Bb7 {LiveBook: 2736 Games} 10. a3 {E05: Open Catalan: 5 Nf3 Be7} (10. Bd2 Be4 11. Qc1 c6 12. Rd1 Nbd7 13. Nc3 Bg6 14. Bg5 Rc8 15. a3 a5 16. h4 h6 17. Bxf6 Bxf6 18. Qe3 Qb6 19. Ne4 {½-½ (28) Kramnik,V (2787)-So,W (2792) Wijk aan Zee 2018}) 10... Nbd7 11. Nc3 c5 12. Rd1 b4 $146 ({Predecessor:} 12... Rc8 13. dxc5 Bxc5 14. e3 Qb6 15. Qe2 Rfd8 16. Bd2 Be7 17. Be1 h6 18. Rac1 Nc5 19. Rxd8+ Rxd8 20. Rd1 Nd5 {0-1 (56) Najgebauer,S (2100)-Marek,S (2215) Slovakia 2006}) 13. Na4 Be4 14. Qd2 bxa3 15. bxa3 Rc8 16. Nxc5 Nxc5 17. dxc5 Bxc5 18. Qxd8 Rfxd8 19. Rxd8+ Rxd8 20. Bg5 Bf5 21. Nh4 $11 Be4 $2 (21... Bc2 $11) 1/2-1/2